The role of General Weygand : (Record no. 551865)

000 -LEADER
fixed length control field 00657cam a22001571i 4500
082 ## - DEWEY DECIMAL CLASSIFICATION NUMBER
Classification number 940.5482
Author Mark WEY
-- L-30, P-82
100 1# - MAIN ENTRY--PERSONAL NAME
Personal name Weygand, Maxime,
9 (RLIN) 49029
245 14 - TITLE STATEMENT
Title The role of General Weygand :
Remainder of title conversations with his son /
Statement of responsibility, etc. Commandant J. Weygand, translated by J.H.F. McEwen, with an introduction by Cyril Falls.
260 ## - PUBLICATION, DISTRIBUTION, ETC.
Place of publication, distribution, etc. London :
Name of publisher, distributor, etc. Eyre & Spottiswoode
Date of publication, distribution, etc. 1948.
300 ## - PHYSICAL DESCRIPTION
Extent 191 p. :
Other physical details port., maps (1 fold.) ;
Dimensions 23 cm.
526 ## - STUDY PROGRAM INFORMATION NOTE
Program name 0
Interest level 0
Reading level 0
Title point value 940_548200000000000_WEY
650 #0 - SUBJECT ADDED ENTRY--TOPICAL TERM
Topical term or geographic name entry element World War, 1939-1945
General subdivision Personal narratives, French.
9 (RLIN) 49030
650 #0 - SUBJECT ADDED ENTRY--TOPICAL TERM
Topical term or geographic name entry element World War, 1939-1945
Geographic subdivision France.
9 (RLIN) 49004
700 1# - ADDED ENTRY--PERSONAL NAME
Personal name Weygand, Jacques.
9 (RLIN) 49031
942 ## - ADDED ENTRY ELEMENTS (KOHA)
Source of classification or shelving scheme
Koha item type Book
Holdings
Withdrawn status Lost status Source of classification or shelving scheme Damaged status Not for loan Permanent Location Current Location Date acquired Total Checkouts Full call number Barcode Date last seen Price effective from Koha item type
          Military College of Engineering (MCE) Military College of Engineering (MCE) 12/31/2014   940.5482 WEY MCE-40201 12/31/2014 12/31/2014 Book
© 2023 Central Library, National University of Sciences and Technology. All Rights Reserved.